SSC Napoli Squad 2025-2026 - Statistics

General Stats
  • This quiz has been taken 313 times
    103 since last reset
  • The average score is 23 of 30
Answer Stats
# Position Nation Player % Correct
8 MF Scotland Scott McTominay
99%
1 GK Italy Alex Meret
97%
11 MF Belgium Kevin De Bruyne
97%
19 FW Denmark Rasmus Højlund
94%
9 FW Belgium Romelu Lukaku
94%
6 MF Scotland Billy Gilmour
91%
68 MF Slovakia Stanislav Lobotka
90%
- Coach Italy Antonio Conte
88%
7 FW Brazil David Neres
88%
20 FW North Macedonia Eljif Elmas
88%
99 MF Cameroon Frank Anguissa
88%
32 GK Serbia Vanja Milinković-Savić
88%
4 DF Italy Alessandro Buongiorno
85%
5 DF Brazil Juan Jesus
85%
13 DF Kosovo Amir Rrahmani
84%
22 DF Italy Giovanni Di Lorenzo
84%
17 DF Uruguay Mathías Olivera
84%
21 FW Italy Matteo Politano
81%
3 DF Spain Miguel Gutiérrez
74%
31 DF Netherlands Sam Beukema
74%
14 GK Italy Nikita Contini
72%
27 FW Brazil Alisson Santos
71%
70 FW Netherlands Noa Lang
71%
37 DF Italy Leonardo Spinazzola
68%
27 FW Italy Lorenzo Lucca
62%
26 MF Italy Antonio Vergara
60%
23 FW Brazil Giovane
59%
30 DF Italy Pasquale Mazzocchi
54%
35 DF Italy Luca Marianucci
43%
69 FW Italy Giuseppe Ambrosino
32%
No matching quizzes found
Score Distribution
Percent of People with Each Score
Percentile by Number Answered
Your Score History
You have not taken this quiz since the last reset